Statistics for Countries with the Most Tanks

Click here to take the quiz!

General Stats

  • This quiz has been taken 13,928 times
    (13,535 since last reset)
  • The average score is 12 of 15

Answer Stats

# Tanks Country % Correct
5,884United States
100%
20,300Russia
99%
7,716China
98%
4,426India
90%
1,650Iran
89%
5,243North Korea
86%
2,654South Korea
81%
2,182Pakistan
81%
4,946Egypt
78%
2,446Turkey
74%
2,760Israel
73%
2,214Ukraine
68%
4,640Syria
66%
2,405Algeria
48%
2,005Taiwan
33%

Score Distribution

Percentile by Number Answered

Percent of People with Each Score

Your Score History

You have not taken this quiz since the last reset